Reflections on economics growth and progress (Record no. 374641)

000 -LEADER
fixed length control field 00374cam a22001217a 4500
008 - FIXED-LENGTH DATA ELEMENTS--GENERAL INFORMATION
fixed length control field 180718b1956 xxu||||| |||| 00| 0 eng d
082 ## - DEWEY DECIMAL CLASSIFICATION NUMBER
Classification number T19 M931
100 ## - MAIN ENTRY--PERSONAL NAME
Personal name Muranjan, S.K.
245 ## - TITLE STATEMENT
Title Reflections on economics growth and progress
Statement of responsibility, etc. by S.K. Muranjan
260 ## - PUBLICATION, DISTRIBUTION, ETC.
Place of publication, distribution, etc. Poona
Name of publisher, distributor, etc. Gokhale Institute Of Politics and Economics
Date of publication, distribution, etc. 1956
300 ## - PHYSICAL DESCRIPTION
Extent 24p.
650 ## - SUBJECT ADDED ENTRY--TOPICAL TERM
Topical term or geographic name entry element Economic Conditions
Holdings
Withdrawn status Lost status Damaged status Not for loan Permanent Location Current Location Date acquired Full call number Barcode Date last seen Price effective from Koha item type
        Indian Institute of Public Administration Indian Institute of Public Administration 1994-06-28 T19 M931 9542 2018-07-21 2018-07-21 Book

Powered by Koha